000
00434nam a2200157Ia 4500
008
100204s9999 xx 000 0 und d
082
_b
27913
100
_a
नलगे दिलीप
245
_a
जननायक शरद पवार
250
_a
0
260
_c
2007
300
_a
176
630
_a
जननायक शरद पवार
730
_a
जननायक शरद पवार
942
_c
BOOK
999
_c
473094
_d
473091